Adobe After effects CC : (Record no. 19629)
[ view plain ]
| 000 -LEADER | |
|---|---|
| fixed length control field | 01297cam a2200337 i 4500 |
| 001 - CONTROL NUMBER | |
| control field | 18217293 |
| 003 - CONTROL NUMBER IDENTIFIER | |
| control field | EG-ScBUE |
| 005 - DATE AND TIME OF LATEST TRANSACTION | |
| control field | 20230329113448.0 |
| 008 - FIXED-LENGTH DATA ELEMENTS--GENERAL INFORMATION | |
| fixed length control field | 140709t2014 caua f 001 0 eng d |
| 020 ## - INTERNATIONAL STANDARD BOOK NUMBER | |
| International Standard Book Number | 0321934695 (pbk.) |
| 020 ## - INTERNATIONAL STANDARD BOOK NUMBER | |
| International Standard Book Number | 9780321934697 (pbk.) |
| 040 ## - CATALOGING SOURCE | |
| Original cataloging agency | CVU |
| Language of cataloging | eng |
| Description conventions | rda |
| Transcribing agency | CVU |
| Modifying agency | EG-ScBUE |
| 082 04 - DEWEY DECIMAL CLASSIFICATION NUMBER | |
| Classification number | 778.5345 |
| Edition number | 22 |
| Item number | CHR |
| 100 1# - MAIN ENTRY--PERSONAL NAME | |
| Personal name | Christiansen, Mark |
| Titles and other words associated with a name | (Visual effects specialist) |
| Relator term | author. |
| 9 (RLIN) | 38173 |
| 245 10 - TITLE STATEMENT | |
| Title | Adobe After effects CC : |
| Remainder of title | visual effects and compositing : studio techniques / |
| Statement of responsibility, etc | Mark Christiansen. |
| 264 #1 - PUBLICATION, DISTRIBUTION, ETC. (IMPRINT) | |
| Place of publication, distribution, etc | [San Francisco] : |
| Name of publisher, distributor, etc | Adobe Press book / Peachipt / Pearson Education, |
| Date of publication, distribution, etc | [2014] |
| 264 #4 - PUBLICATION, DISTRIBUTION, ETC. (IMPRINT) | |
| Date of publication, distribution, etc | c2014 |
| 300 ## - PHYSICAL DESCRIPTION | |
| Extent | xxvi, 469 pages : |
| Other physical details | color illustrations ; |
| Dimensions | 23 cm |
| 336 ## - CONTENT TYPE | |
| Source | rdacontent |
| Content type term | text |
| Content type code | txt |
| 337 ## - MEDIA TYPE | |
| Source | rdamedia |
| Media type term | unmediated |
| Media type code | n |
| 338 ## - CARRIER TYPE | |
| Source | rdacarrier |
| Carrier type term | volume |
| Carrier type code | nc |
| 500 ## - GENERAL NOTE | |
| General note | Includes index.<br/> |
| 500 ## - GENERAL NOTE | |
| General note | Access to lesson files & online resources that will help you to learn more about Adobe software requires a unique code. |
| 630 07 - SUBJECT ADDED ENTRY--UNIFORM TITLE | |
| Uniform title | Adobe After effects. |
| Source of heading or term | BUEsh |
| 650 #7 - SUBJECT ADDED ENTRY--TOPICAL TERM | |
| Topical term or geographic name as entry element | Cinematography |
| General subdivision | Special effects |
| -- | Data processing. |
| Source of heading or term | BUEsh |
| 650 #7 - SUBJECT ADDED ENTRY--TOPICAL TERM | |
| Topical term or geographic name as entry element | Image processing |
| General subdivision | Digital techniques. |
| Source of heading or term | BUEsh |
| 651 ## - SUBJECT ADDED ENTRY--GEOGRAPHIC NAME | |
| Source of heading or term | BUEsh |
| 653 ## - INDEX TERM--UNCONTROLLED | |
| Resource For college | Communication and mass media |
| -- | Informatics and Computer Science |
| Arrived date list | June2015 |
| 655 ## - INDEX TERM--GENRE/FORM | |
| Form subdivision | Reading book |
| 942 ## - ADDED ENTRY ELEMENTS (KOHA) | |
| Source of classification or shelving scheme | Dewey Decimal Classification |
| Call number prefix | 778.5345 CHR |
| Koha item type | Book - Borrowing |
| Withdrawn status | Lost status | Source of classification or shelving scheme | Damaged status | Not for loan | Collection code | Home library | Current library | Shelving location | Date acquired | Source of acquisition | Cost, normal purchase price | Serial Enumeration / chronology | Total Checkouts | Total Renewals | Full call number | Barcode | Date last seen | Date checked out | Cost, replacement price | Koha item type |
|---|---|---|---|---|---|---|---|---|---|---|---|---|---|---|---|---|---|---|---|---|
| Dewey Decimal Classification | Alahram | Central Library | Central Library | Second Floor | 14/06/2015 | 525.00 | 308 | 7 | 9 | 778.5345 CHR | 000038663 | 15/07/2025 | 28/03/2019 | 656.25 | Book - Borrowing |